Understanding aircraft structures (Record no. 575781)

000 -LEADER
fixed length control field 00459nam a22001937a 4500
003 - CONTROL NUMBER IDENTIFIER
control field CEME
005 - DATE AND TIME OF LATEST TRANSACTION
control field 20210628204003.0
008 - FIXED-LENGTH DATA ELEMENTS--GENERAL INFORMATION
fixed length control field 210309b xxu||||| |||| 00| 0 eng d
020 ## - INTERNATIONAL STANDARD BOOK NUMBER
International Standard Book Number 0-632-03241-3
040 ## - CATALOGING SOURCE
Transcribing agency .
082 ## - DEWEY DECIMAL CLASSIFICATION NUMBER
Classification number 629.13431 CUT'U
100 ## - MAIN ENTRY--PERSONAL NAME
Personal name Cutler, John
9 (RLIN) 68151
245 ## - TITLE STATEMENT
Title Understanding aircraft structures
250 ## - EDITION STATEMENT
Edition statement 2ND
260 ## - PUBLICATION, DISTRIBUTION, ETC.
Place of publication, distribution, etc. BOSTON
Name of publisher, distributor, etc. BLACHWELL
Date of publication, distribution, etc. 1992
300 ## - PHYSICAL DESCRIPTION
Extent 182P
650 ## - SUBJECT ADDED ENTRY--TOPICAL TERM
Topical term or geographic name entry element AIRCRAFT
9 (RLIN) 68152
942 ## - ADDED ENTRY ELEMENTS (KOHA)
Koha item type Book
Source of classification or shelving scheme
Holdings
Withdrawn status Lost status Damaged status Not for loan Permanent Location Current Location Shelving location Date acquired Total Checkouts Full call number Barcode Date last seen Price effective from Koha item type
        College of Electrical & Mechanical Engineering (CEME) College of Electrical & Mechanical Engineering (CEME) General Stacks 08/02/2017   629.13431 CUT'U CEME-28168 06/28/2021 06/28/2021 Book
© 2023 Central Library, National University of Sciences and Technology. All Rights Reserved.